Utopia

Zapisane w:
Opis bibliograficzny
1. autor: Moro, Tomás More, Thomas (autor)
Format: Książka
Język:angielski
Wydane: Londres Oxford University 1904
Hasła przedmiotowe:
Etykiety: Dodaj etykietę
Nie ma etykietki, Dołącz pierwszą etykiete!

MARC

LEADER 00000nam a2200000 a 4500
001 UCZ3312
003 CL-VaPUC
008 951020e19040000UK |||||||||||||||||eng|d
082 0 4 |a 321.07  |b MOR  |2 21 
100 |a Moro, Tomás   |e autor  |q More, Thomas  |9 868789 
245 1 0 |a Utopia 
300 |a 283 p 
942 |c BK 
945 |d 19951020 00:00:00  |a cmena 
260 |a Londres  |b Oxford University  |c 1904 
650 0 |a Ensayos ingleses  |9 265096 
650 0 |a Doctrinas políticas  |9 255835 
650 7 |a SISTEMAS POLITICOS  |2 CL-VaPUC  |9 347098 
650 0 |a Utopía  |9 267298 
650 0 |a Ideologías  |9 255200 
583 |a last modification  |c 19951020 00:00:00  |k Rodrigo Vera 
999 |c 239798  |d 239796 
952 |0 0  |1 0  |4 0  |6 321_070000000000000_MOR_1904  |7 0  |8 P  |9 251196  |a BIBEDU  |b BIBEDU  |c BIBEDU_PB  |d 2019-11-18  |i 1585304  |o 321.07 MOR 1904  |p 1585304  |r 2024-01-25  |w 2019-11-18  |y BK  |k FIL 
952 |0 0  |1 0  |4 0  |6 321_070000000000000_MOR_1904  |7 0  |8 P  |9 251197  |a BIBEDU  |b BIBEDU  |c BIBEDU_PB  |d 2019-11-18  |i 1585312  |o 321.07 MOR 1904  |p 1585312  |r 2024-01-25  |w 2019-11-18  |y BK  |k FIL